| 000 -LEADER |
| fixed length control field |
nam a22 a 4500 |
| 003 - CONTROL NUMBER IDENTIFIER |
| control field |
AKMAL |
| 005 - DATE AND TIME OF LATEST TRANSACTION |
| control field |
20170512162548.0 |
| 008 - FIXED-LENGTH DATA ELEMENTS--GENERAL INFORMATION |
| fixed length control field |
170512t20132013my e a001 0 may d |
| 020 ## - INTERNATIONAL STANDARD BOOK NUMBER |
| International Standard Book Number |
9789670474458 |
| Qualifying information |
paperback |
| Terms of availability |
RM47.00 |
| 039 #9 - LEVEL OF BIBLIOGRAPHIC CONTROL AND CODING DETAIL [OBSOLETE] |
| Level of rules in bibliographic description |
201605061132 |
| Level of effort used to assign nonsubject heading access points |
VLOAD |
| Level of effort used to assign subject headings |
201604260957 |
| Level of effort used to assign classification |
VLOAD |
| Level of effort used to assign subject headings |
201504290900 |
| Level of effort used to assign classification |
hazwani |
| Level of effort used to assign subject headings |
201406041219 |
| Level of effort used to assign classification |
aidayas |
| 040 ## - CATALOGING SOURCE |
| Original cataloging agency |
AKMAL |
| 082 04 - DEWEY DECIMAL CLASSIFICATION NUMBER |
| Classification number |
352.6309595 SAM |
| Edition number |
23 |
| 090 00 - LOCALLY ASSIGNED LC-TYPE CALL NUMBER (OCLC); LOCAL CALL NUMBER (RLIN) |
| Classification number (OCLC) (R) ; Classification number, CALL (RLIN) (NR) |
352.6309595 |
| Local cutter number (OCLC) ; Book number/undivided call number, CALL (RLIN) |
SAM |
| 245 00 - TITLE STATEMENT |
| Title |
Sistem Pengurusan TATATERTIB di Tempat Kerja / |
| Statement of responsibility, etc. |
Editor SAMIHAH KHALIL |
| 264 #1 - PRODUCTION, PUBLICATION, DISTRIBUTION, MANUFACTURE, AND COPYRIGHT NOTICE |
| Place of production, publication, distribution, manufacture |
Sintok, Kedah : |
| Name of producer, publisher, distributor, manufacturer |
Penerbit Universiti Utara Malaysia, |
| Date of production, publication, distribution, manufacture, or copyright notice |
2013 |
| 300 ## - PHYSICAL DESCRIPTION |
| Extent |
xxvii, 210 pages ; |
| Dimensions |
23 cm |
| 504 ## - BIBLIOGRAPHY, ETC. NOTE |
| Bibliography, etc. note |
Includes bibliographical references and index |
| 650 10 - SUBJECT ADDED ENTRY--TOPICAL TERM |
| Topical term or geographic name entry element |
Civil service ethics |
| Geographic subdivision |
Malaysia |
| 9 (RLIN) |
416 |
| 650 20 - SUBJECT ADDED ENTRY--TOPICAL TERM |
| Topical term or geographic name entry element |
Public administration |
| General subdivision |
Moral and ethical aspects |
| Geographic subdivision |
Malaysia |
| 9 (RLIN) |
4163 |
| 700 0# - ADDED ENTRY--PERSONAL NAME |
| Personal name |
Samihah Kamal, |
| Relator term |
editor. |
| 9 (RLIN) |
4164 |
| 942 ## - ADDED ENTRY ELEMENTS (KOHA) |
| Source of classification or shelving scheme |
|
| Koha item type |
Book |